Statistics for Countries by Google Description #1

Click here to take the quiz!

General Stats

  • This quiz has been taken 26 times
  • The average score is 7 of 10

Answer Stats

QuestionAnswer% Correct
A country on Europe’s Iberian Peninsula, includes 17 autonomous regions with diverse geography and cultures.Spain
91%
An island country in the eastern Mediterranean Sea south of the Anatolian Peninsula. Continentally, it is often placed alternatively in Western Asia while being culturally tied to Southeast Europe.Cyprus
82%
A landlocked country in Central Europe. Historically known as Bohemia, it is bordered by Austria to the south, Germany to the west, Poland to the northeast, and Slovakia to the southeast.Czechia
82%
A country in South America that's home to a section of Amazon rainforest and Machu Picchu, an ancient Incan city high in the Andes mountains.Peru
82%
A country in North America. Its ten provinces and three territories extend from the Atlantic Ocean to the Pacific Ocean and northward into the Arctic Ocean.Canada
73%
A landlocked country located at the crossroads of Central and South Asia.Afghanistan
68%
A Southeast Asian country occupying parts of the Malay Peninsula and the island of Borneo.Malaysia
64%
An East African country known for its vast wilderness areas. They include the plains of Serengeti National Park, a safari mecca populated by the “big five” game (elephant, lion, leopard, buffalo, rhino), and Kilimanjaro National Park, home to Africa’s highest mountainTanzania
64%
A landlocked country in Southern Africa. It is bordered by Mozambique to its northeast and South Africa to its north, west, south, and southeast.Eswatini
59%
A country in the South Pacific, is an archipelago of more than 300 islands. It's famed for rugged landscapes, palm-lined beaches and coral reefs with clear lagoons.Fiji
50%

Score Distribution

Percentile by Number Answered

Percent of People with Each Score

Your Score History

You have not taken this quiz